Statystyki dla Który kraj ma więcej przypadków na koronowirusa

Kliknij tutaj aby rozwiązać quiz!

Ogólne statystyki

  • Ten quiz został rozwiązany 69 razy
  • Średni wynik to 6 z 15

Statystyki odpowiedzi

ZagadnienieOdpowiedź% Poprawnych
Który kraj ma więcej przypadków na koronowirusa?Rosja
68%
Który kraj ma więcej przypadków na koronowirusa?Pakistan
66%
Który kraj ma więcej przypadków na koronowirusa?Chorwacja
55%
Który kraj ma więcej przypadków na koronowirusa?Korea Południowa
48%
Który kraj ma więcej przypadków na koronowirusa?Tajlandia
46%
Który kraj ma więcej przypadków na koronowirusa?Holandia
45%
Który kraj ma więcej przypadków na koronowirusa?Dominikana
37%
Który kraj ma więcej przypadków na koronowirusa?Białoruś
34%
Który kraj ma więcej przypadków na koronowirusa?Izrael
31%
Który kraj ma więcej przypadków na koronowirusa?Singapur
31%
Który kraj ma więcej przypadków na koronowirusa?Monako
28%
Który kraj ma więcej przypadków na koronowirusa?Norwegia
28%
Który kraj ma więcej przypadków na koronowirusa?Francja
20%
Który kraj ma więcej przypadków na koronowirusa?Algieria
18%
Który kraj ma więcej przypadków na koronowirusa?Grecja
15%

Rozkład punktacji

Percentyl według liczby udzielonych odpowiedzi

Procent ludzi z każdym wynikiem

Twoja historia wyników

Nie rozwiązałeś tego quizu